000 00675nam a22001937a 4500
999 _c164284
_d164284
005 20190515144246.0
010 _aUR-10122
020 _c250.00
_a9789387539877
035 _aU-8677
037 _bDBAD/PUB
082 _a844.08
100 _aشر ف النہا ر
245 _aنثر ی ر نگ و شعر ی آ ہنگ
_cشر ف النہا ر
246 _b‏Nasri Rang wa Sheri Aahang(Urdu)
_aby Sharfun Nihar
260 _a Delhi
_bEducational Publishing House
_c2018ء
270 _a3191،Vakil Street,Kucha Pandit,Lal Kuan,
_bDelhi
_e110006
_k23216162
_l00911123211540
300 _a200ص
_c22 Cm.(bk)
942 _2ddc
_cUR
_h844.08
_mش ر ف